000 00481nam a2200181Ia 4500
001 20667
005 20260306172822.0
008 260306t2021||||xx |||||||||||||| ||spa||
041 _aESP
082 _a343.6
_bJ24R
100 _aJara Bautista, José Luis
_eAUT
245 0 _aRégimen disciplinario en el sector público:
_benfoque desde la ley N° 30057
260 _c2021
300 _a607 páginas :
_c25 cm.
650 _aGEN
654 _aCDE
942 _cLIB
_dJUS
_fJUS
_2ddc
_n
999 _c20667
_d20667